000
00292 a2200109 4500
005
20260219120220.0
020
_a
9781647405625
100
_a
AIDEN WILLIAMS
_9
10330
245
_a
Principles of marine and lake sedimentology
260
_b
Syrawood publishing house, New York
_c
2025,
942
_c
BK
999
_c
756434
_d
756434